000 00354nam a2200157Ia 4500
008 210210b1954 xxu||||| |||| 00| 0 eng d
041 _aeng
082 _a822/32
100 _aARMS (G)
245 _aSymposium
260 _aNew York
_bRinehart & co
_c1954
650 _aSymposium
690 _aEnglish Prose
700 _aLOCKE (L)
906 _a012218
999 _c131000
_d131000